Catalog

Record Details

Catalog Search



Výslechy : nacistická elita v roce 1945 v rukou spojenců / Richard Overy ; přeložil Milan Dvořák

Summary:

Publikace přibližuje způsob jakým reflektovali realitu 2.světové války zajatí vrcholní představitelé nacistického režimu.
Reprodukce více než třiceti spojeneckých výslechů nacistických válečných zločinců (např. R.Hess, Göring, Speer, Ley). Výslechy se staly východiskem pro přípravu norimberských procesů. Realita fungování nacistické diktatury očima jejích mocenských špiček.

Record details

  • ISBN: 80-7341-237-3 (váz.) :
  • Physical Description: 551 s. : il., portréty ; 24 cm
  • Edition: 1. vyd. v českém jazyce
  • Publisher: Praha : BB art, 2004

Content descriptions

General Note:
Přeloženo z angličtiny
Bibliography, etc. Note:
Obsahuje bibliografii, bibliografické odkazy a rejstřík

Available copies

  • 1 of 1 copy available at Common Catalog SPOK.

Holds

  • 0 current holds with 1 total copy.
Show Only Available Copies
Location Call Number / Copy Notes Barcode Shelving Location Status Due Date
Terezin Initiative Institute 4542 4594304542 Knihovna ITI Available -

LDR 02520nam a2200589 a 4500
00127144
003CZ-PrJAB
00520220904042206.0
008040803s2004 xr ac gr 001 0dcze
015 . ‡acnb001312951
020 . ‡a80-7341-237-3 (váz.) : ‡cKč 490,00
035 . ‡a(CONS)1962
035 . ‡a(CZ PrSKC)cpk20041312951
035 . ‡a(OCoLC)85102921
040 . ‡aABA001 ‡bcze
0411 . ‡acze ‡heng
080 . ‡a341.322.5-051 ‡2MRF
080 . ‡a341.49:341.322.5 ‡2MRF
080 . ‡a323.28:329.17 ‡2MRF
080 . ‡a94(100)"1939/1945" ‡2MRF
080 . ‡a341.645(430)"1945/1946" ‡2MRF
080 . ‡a(430) ‡2MRF
080 . ‡a(048.8) ‡2MRF
080 . ‡a(093) ‡2MRF
1001 . ‡aOvery, R. J., ‡d1947- ‡7xx0005215 ‡4aut
24510. ‡aVýslechy : ‡bnacistická elita v roce 1945 v rukou spojenců / ‡cRichard Overy ; přeložil Milan Dvořák
250 . ‡a1. vyd. v českém jazyce
260 . ‡aPraha : ‡bBB art, ‡c2004
300 . ‡a551 s. : ‡bil., portréty ; ‡c24 cm
500 . ‡aPřeloženo z angličtiny
504 . ‡aObsahuje bibliografii, bibliografické odkazy a rejstřík
5209 . ‡aPublikace přibližuje způsob jakým reflektovali realitu 2.světové války zajatí vrcholní představitelé nacistického režimu.
5209 . ‡aReprodukce více než třiceti spojeneckých výslechů nacistických válečných zločinců (např. R.Hess, Göring, Speer, Ley). Výslechy se staly východiskem pro přípravu norimberských procesů. Realita fungování nacistické diktatury očima jejích mocenských špiček.
7001 . ‡aDvořák, Milan, ‡d1949- ‡7jn19981000864 ‡4trl
8524 . ‡bJACH-ITI ‡bJACH-ITI ‡cKnihovna ITI ‡j4542 ‡p4542 ‡y$0.00
910 . ‡aABE340 ‡b4542
995 . ‡askok
901 . ‡a27144 ‡bISxN ‡c27144 ‡tbiblio

Additional Resources